[Event "Steinfurt Bezirksliga 0506"]
[Site "Germany"]
[Date "2006.03.09"]
[Round "7.4"]
[White "Stange, Joerg"]
[Black "Horstmann, Michael"]
[Result "0-1"]
[WhiteElo "1492"]
[BlackElo "1726"]
[PlyCount "108"]
[EventDate "2005.09.24"]
[EventType "team-tourn"]
[EventRounds "9"]
[EventCountry "GER"]
[SourceTitle "EXT 2006"]
[Source "ChessBase"]
[SourceDate "2005.11.24"]
[SourceVersion "1"]
[SourceVersionDate "2005.11.24"]
[SourceQuality "1"]
[WhiteTeam "Rheine"]
[BlackTeam "Emsdetten Rochade II"]
[WhiteTeamCountry "GER"]
[BlackTeamCountry "GER"]

1. d4 d5 2. c4 dxc4 3. Nf3 Nf6 4. e3 c5 5. Bxc4 e6 6. Nc3 Be7 7. 0-0 0-0 8. a3 Nc6 9. dxc5 Bxc5 10. b4 Bd6 11. Nb5 Bb8 12. Bb2 Qe7 13. Rc1 a6 14. Nbd4 Bd7 15. Qe2 e5 16. Nxc6 Bxc6 17. b5 axb5 18. Bxb5 e4 19. Bxc6 bxc6 20. Bxf6 Qxf6 21. Nd4 c5 22. Rxc5 Bxh2+ 23. Kh1 Be5 24. g3 Bxd4 25. exd4 Qxd4 26. Rc4 Qd3 27. Rxe4 Rxa3 28. Qe1 Qd5 29. Kg1 Ra6 30. Qb4 Rh6 31. Rfe1 Re6 32. Qa4 Qf5 33. R1e3 Rxe4 34. Rxe4 Qd5 35. Rd4 Qf5 36. Re4 Qc8 37. Rc4 Qb7 38. Rb4 Qc7 39. Rc4 Qd6 40. Rd4 Qe5 41. Re4 Qb8 42. Rb4 Qa8 43. Qb3 Qa5 44. Rb8 Qe1+ 45. Kg2 Qe7 46. Rb7 Qe4+ 47. Kg1 h6 48. Rb4 Qe5 49. Rf4 Qe6 50. Qa4 Rc8 51. Re4 Rc1+ 52. Kg2 Qd5 53. Qe8+ Kh7 54. f3 Qd1 0-1

[Event "Steinfurt Bezirksliga 0506"]
[Site "Germany"]
[Date "2006.02.04"]
[Round "6.4"]
[White "Pohlmeier, Ulrich"]
[Black "Stange, Joerg"]
[Result "1-0"]
[WhiteElo "1621"]
[BlackElo "1492"]
[PlyCount "92"]
[EventDate "2005.09.24"]
[EventType "team-tourn"]
[EventRounds "9"]
[EventCountry "GER"]
[SourceTitle "EXT 2006"]
[Source "ChessBase"]
[SourceDate "2005.11.24"]
[SourceVersion "1"]
[SourceVersionDate "2005.11.24"]
[SourceQuality "1"]
[WhiteTeam "Berlin Klein Rheine II"]
[BlackTeam "Rheine"]
[WhiteTeamCountry "GER"]
[BlackTeamCountry "GER"]

1. e4 e5 2. Nf3 Nf6 3. Nc3 Bb4 4. Nxe5 0-0 5. d3 d5 6. Bd2 Bxc3 7. Bxc3 dxe4 8. d4 Nd5 9. Qd2 Qh4 10. g3 Qd8 11. 0-0-0 c6 12. Bg2 f6 13. Nc4 Re8 14. Rhe1 Bg4 15. f3 exf3 16. Rxe8+ Qxe8 17. Re1 Qd7 18. Bh1 Na6 19. Rf1 b5 20. Ne3 b4 21. Nxd5 bxc3 22. Nxc3 Rd8 23. Bxf3 Bxf3 24. Rxf3 Qxd4 25. Rd3 Qg1+ 26. Qd1 Qxd1+ 27. Rxd1 Rxd1+ 28. Kxd1 Kf7 29. Kd2 Ke6 30. a3 Ke5 31. Ke3 Nc7 32. Ne4 Ne6 33. c3 f5 34. Nd2 f4+ 35. gxf4+ Nxf4 36. Nf3+ Kf5 37. Nd4+ Kg4 38. Nxc6 Ng2+ 39. Kf2 Kh3 40. Ne5 Kxh2 41. Nf3+ Kh1 42. c4 Nf4 43. Ke3 Ng2+ 44. Ke4 h5 45. c5 h4 46. c6 Ne1 1-0

[Event "Duisburg Grossenbaum op"]
[Site "Duisburg"]
[Date "2005.05.14"]
[Round "2"]
[White "Mazurkiewicz, Kazimierz"]
[Black "Stange, Joerg"]
[Result "1-0"]
[WhiteElo "1875"]
[BlackElo "1537"]
[PlyCount "75"]
[EventDate "2005.05.13"]
[EventType "swiss"]
[EventRounds "7"]
[EventCountry "GER"]
[SourceTitle "EXT 2006"]
[Source "ChessBase"]
[SourceDate "2005.11.24"]
[SourceVersion "1"]
[SourceVersionDate "2005.11.24"]
[SourceQuality "1"]

1. c4 e6 2. d4 d5 3. Nf3 Nf6 4. Bg5 c6 5. e3 Nbd7 6. cxd5 Qa5+ 7. Nbd2 cxd5 8. Bd3 Ne4 9. Bf4 Bb4 10. a3 Bxd2+ 11. Nxd2 Qxd2+ 12. Qxd2 Nxd2 13. Kxd2 0-0 14. Bd6 Re8 15. a4 a6 16. Rhc1 Nf6 17. f3 Bd7 18. b4 Rac8 19. g4 Rxc1 20. Kxc1 Rc8+ 21. Kd2 h6 22. h4 Ne8 23. Be7 f5 24. b5 Kf7 25. Bc5 fxg4 26. fxg4 axb5 27. axb5 Nc7 28. b6 Ne8 29. g5 hxg5 30. hxg5 g6 31. e4 Ng7 32. Ra7 Bc6 33. exd5 Bxd5 34. Ba6 Rh8 35. Bxb7 Rh2+ 36. Kc3 Rh3+ 37. Kb4 Rb3+ 38. Ka4 1-0

[Event "Duisburg Grossenbaum op"]
[Site "Duisburg"]
[Date "2005.05.14"]
[Round "3"]
[White "Pittag, Andreas"]
[Black "Stange, Joerg"]
[Result "1-0"]
[WhiteElo "1707"]
[BlackElo "1537"]
[PlyCount "138"]
[EventDate "2005.05.13"]
[EventType "swiss"]
[EventRounds "7"]
[EventCountry "GER"]
[SourceTitle "EXT 2006"]
[Source "ChessBase"]
[SourceDate "2005.11.24"]
[SourceVersion "1"]
[SourceVersionDate "2005.11.24"]
[SourceQuality "1"]

1. e4 e5 2. Nf3 Nf6 3. Nxe5 d6 4. Nf3 Nxe4 5. d4 d5 6. Bd3 Nc6 7. 0-0 Be7 8. c4 Nb4 9. Be2 dxc4 10. Bxc4 0-0 11. Re1 Nf6 12. Nc3 c6 13. Bf4 Bg4 14. Bb3 Re8 15. Bxf7+ Kxf7 16. Ne5+ Kf8 17. Nxg4 Nxg4 18. Qxg4 Qxd4 19. Rad1 Qf6 20. Re6 Qf7 21. Rxe7 Qxe7 22. h3 Nd5 23. Bg5 Qe6 24. Qf3+ Qf7 25. Qxf7+ Kxf7 26. Nxd5 cxd5 27. Rxd5 h6 28. Be3 b6 29. Rf5+ Ke6 30. g4 Rad8 31. Rb5 Rd5 32. Rb3 Red8 33. Kg2 g5 34. Rb4 R8d7 35. a3 Rf7 36. Re4+ Re5 37. Rc4 Rd5 38. Rc8 Kd7 39. Ra8 Kc6 40. a4 Rdd7 41. Rc8+ Rc7 42. Rd8 Rcd7 43. Rc8+ Kb7 44. Rc4 Rd6 45. h4 gxh4 46. Kh3 Rd1 47. Kxh4 Rh1+ 48. Kg3 Rg1+ 49. Kh2 Rd1 50. Kg2 Rd6 51. Re4 Rg6 52. Kg3 Rc6 53. Bf4 Rc2 54. b4 Ra2 55. b5 Ra3+ 56. Kg2 Rh7 57. Re8 Rc7 58. Bxc7 Kxc7 59. Re7+ Kb8 60. f4 Rxa4 61. Kf3 Ra3+ 62. Ke4 Ra1 63. Kd5 Rb1 64. Kc6 Rc1+ 65. Kd7 Rg1 66. f5 Rxg4 67. f6 Rd4+ 68. Ke6 Re4+ 69. Kd5 Rf4 1-0

[Event "Steinfurt Bezirksklasse 0405"]
[Site "Germany"]
[Date "2005.05.07"]
[Round "10.5"]
[White "Freitag, Michael"]
[Black "Stange, Joerg"]
[Result "1-0"]
[WhiteElo "1322"]
[BlackElo "1559"]
[PlyCount "77"]
[EventDate "2004.09.18"]
[EventType "team-tourn"]
[EventRounds "11"]
[EventCountry "GER"]
[SourceTitle "EXT 2006"]
[Source "ChessBase"]
[SourceDate "2005.11.24"]
[SourceVersion "1"]
[SourceVersionDate "2005.11.24"]
[SourceQuality "1"]
[WhiteTeam "Steinfurt III"]
[BlackTeam "Rheine CC"]
[WhiteTeamCountry "GER"]
[BlackTeamCountry "GER"]

1. d4 d5 2. f4 e6 3. Nf3 Be7 4. e3 Bh4+ 5. g3 Be7 6. Bd3 Nf6 7. Nbd2 c6 8. a4 b6 9. Ne5 Nfd7 10. Ndf3 Nxe5 11. Nxe5 Bd6 12. 0-0 Bxe5 13. fxe5 Ba6 14. Qf3 Qd7 15. Bxa6 Nxa6 16. c3 c5 17. Bd2 0-0 18. Qg4 cxd4 19. exd4 Kh8 20. Rf4 f5 21. exf6 Rxf6 22. Rxf6 gxf6 23. Qe2 Nc7 24. Bh6 Rg8 25. Bf4 Ne8 26. Re1 Ng7 27. Qd1 Qf7 28. Qf3 Nf5 29. Qe2 Ng7 30. Kh1 Re8 31. g4 f5 32. Be5 Qg6 33. gxf5 Qxf5 34. Qg2 Qg6 35. Qf2 Kg8 36. Bxg7 Qg2+ 37. Qxg2 Rf8 38. Bh6+ Kh8 39. Qg7# 1-0

[Event "Steinfurt Bezirksklasse 0405"]
[Site "Germany"]
[Date "2005.03.12"]
[Round "8.4"]
[White "Stange, Joerg"]
[Black "Weiss, Katharina"]
[Result "1-0"]
[WhiteElo "1559"]
[BlackElo "1461"]
[PlyCount "59"]
[EventDate "2004.09.18"]
[EventType "team-tourn"]
[EventRounds "11"]
[EventCountry "GER"]
[SourceTitle "EXT 2006"]
[Source "ChessBase"]
[SourceDate "2005.11.24"]
[SourceVersion "1"]
[SourceVersionDate "2005.11.24"]
[SourceQuality "1"]
[WhiteTeam "Rheine CC"]
[BlackTeam "Rheine SG"]
[WhiteTeamCountry "GER"]
[BlackTeamCountry "GER"]

1. d4 d5 2. Nf3 Bf5 3. c4 e6 4. Nc3 Nf6 5. Bg5 Be7 6. e3 h6 7. Bxf6 Bxf6 8. cxd5 exd5 9. Qb3 b6 10. Qxd5 Qxd5 11. Nxd5 Bd8 12. Rc1 c6 13. Nb4 Be7 14. Nxc6 Nxc6 15. Rxc6 Bb4+ 16. Nd2 Bxd2+ 17. Kxd2 0-0 18. Bd3 Be6 19. Rc3 Rab8 20. b3 a5 21. Rhc1 Rfe8 22. f3 g6 23. e4 Kg7 24. Rc7 Rec8 25. d5 Rxc7 26. Rxc7 Bc8 27. e5 Bf5 28. Bxf5 gxf5 29. e6 Kf8 30. Rxf7+ 1-0

[Event "Steinfurt Bezirksklasse 0405"]
[Site "Germany"]
[Date "2004.11.27"]
[Round "4.4"]
[White "Sterthaus, Udo"]
[Black "Stange, Joerg"]
[Result "1/2-1/2"]
[WhiteElo "1337"]
[BlackElo "1559"]
[PlyCount "76"]
[EventDate "2004.09.18"]
[EventType "team-tourn"]
[EventRounds "11"]
[EventCountry "GER"]
[SourceTitle "EXT 2006"]
[Source "ChessBase"]
[SourceDate "2005.11.24"]
[SourceVersion "1"]
[SourceVersionDate "2005.11.24"]
[SourceQuality "1"]
[WhiteTeam "Emsdetten Rochade IV"]
[BlackTeam "Rheine CC"]
[WhiteTeamCountry "GER"]
[BlackTeamCountry "GER"]

1. e4 e5 2. Nf3 Nf6 3. Nc3 Bb4 4. Bc4 0-0 5. d3 Nc6 6. 0-0 d6 7. Bg5 Bxc3 8. bxc3 Na5 9. Bb3 Nxb3 10. axb3 h6 11. Bh4 Bg4 12. Re1 g5 13. Bg3 Nd7 14. d4 f5 15. exf5 Rxf5 16. Qd3 Qf8 17. Re3 Bxf3 18. Rxf3 Rxf3 19. gxf3 Qf7 20. Kg2 a6 21. dxe5 Nxe5 22. Bxe5 dxe5 23. Rd1 Rf8 24. Kg1 Kg7 25. Qd7 Qxd7 26. Rxd7+ Rf7 27. Rxf7+ Kxf7 28. Kf1 Ke6 29. Ke2 Kf5 30. Ke3 g4 31. fxg4+ Kxg4 32. Ke4 h5 33. h3+ Kxh3 34. Kxe5 Kg2 35. f4 h4 36. f5 h3 37. f6 h2 38. f7 h1Q 1/2-1/2

[Event "Steinfurt Bezirksklasse 0405"]
[Site "Germany"]
[Date "2004.11.13"]
[Round "3.4"]
[White "Stange, Joerg"]
[Black "Broeker, Sebastian"]
[Result "1-0"]
[WhiteElo "1559"]
[BlackElo "1191"]
[PlyCount "113"]
[EventDate "2004.09.18"]
[EventType "team-tourn"]
[EventRounds "11"]
[EventCountry "GER"]
[SourceTitle "EXT 2006"]
[Source "ChessBase"]
[SourceDate "2005.11.24"]
[SourceVersion "1"]
[SourceVersionDate "2005.11.24"]
[SourceQuality "1"]
[WhiteTeam "Rheine CC"]
[BlackTeam "Nordwalde III"]
[WhiteTeamCountry "GER"]
[BlackTeamCountry "GER"]

1. d4 Nf6 2. Nf3 e6 3. g3 c5 4. dxc5 Bxc5 5. Bg2 d5 6. 0-0 Nc6 7. a3 Qb6 8. b4 Bxf2+ 9. Rxf2 Ne4 10. Qe1 Bd7 11. Nfd2 Nxf2 12. Qxf2 Nd4 13. Bf1 Rc8 14. c3 Bb5 15. Qxd4 Qxd4+ 16. cxd4 Rxc1 17. Kf2 Ke7 18. a4 Bc4 19. Nxc4 dxc4 20. Bg2 b6 21. Ke3 Rc8 22. Kd2 Rg1 23. Bf3 c3+ 24. Kc2 a5 25. b5 Rc4 26. Ra3 Rxd4 27. Nxc3 Kd6 28. Ne4+ Ke7 29. Nf2 Rf1 30. Nd3 f5 31. Ne5 Kf6 32. Nc6 Rc4+ 33. Kb3 Rfc1 34. Kb2 R1c2+ 35. Kb1 Rd2 36. Rd3 Rxd3 37. exd3 Rxa4 38. Kb2 g5 39. Bd1 Rg4 40. Bxg4 fxg4 41. Kc3 h5 42. d4 Kf5 43. Ne7+ Ke4 44. Nc8 a4 45. Nxb6 a3 46. Nc4 a2 47. Kb2 Kxd4 48. b6 Kxc4 49. b7 e5 50. b8Q e4 51. Qg8+ Kd3 52. Qxg5 e3 53. Qd5+ Ke2 54. Qxh5 Kf1 55. Qxg4 e2 56. Qxe2+ Kxe2 57. g4 1-0